Quiz anglais vocabulaire: At the restaurant - Statistiques

Statistiques générales
  • Ce quiz a été pris 43 fois
  • Le résultat moyen est 5 sur 25
Statistiques - réponses
Hint Réponse % Correct
l'addition the bill
65%
commander to order
61%
réserver to book
48%
the restroom / the lavatory les toilettes
45%
une boisson sans alcool/ un soda a soft drink
35%
une serviette a napkin
29%
donner un pourboire to give a tip
26%
une boisson a beverage
23%
la soif thirst
23%
être affamé to be starving
19%
un déjeuner d'affaires a business lunch
16%
verser du vin to pour wine
16%
greedy gourmand
13%
le plateau the tray
10%
to sip coffee siroter du café
6%
a jammed place un endroit bondé
6%
to carve the turkey découper la dinde
3%
the dressing l'assaisonnement
3%
commander les plats du jour to order the specials
3%
remuer la soupe to stir the soup
3%
to care for a dish avoir envie d'un plat
0%
hacher, trancher to chop up
0%
cracher to spit out
0%
débarrasser la table to take away the dishes
0%
a patron un client de restaurant
0%
Aucun quiz correspondant
Distribution des résultats
% des personnes avec chaque résultat
Percentile par nombre de réponses
Votre historique - résultats
Vous n’avez pas pris ce quiz